Statistics for 最高位戦日本プロ麻雀協会歴代A1リーガー

Click here to take the quiz!

General Stats

  • This quiz has been taken 5 times
  • The average score is 9 of 26

Answer Stats

Answer% Correct
鈴木たろう
100%
醍醐大
100%
近藤誠一
100%
鈴木優
67%
園田賢
67%
村上淳
67%
竹内元太
33%
石井一馬
33%
井上祐希
33%
品川直
33%
平賀聡彦
33%
坂井秀隆
33%
牧野伸彦
33%
石田時敬
33%
朝倉康心
33%
新井啓文
33%
坂本大志
33%
津田岳宏
0%
齋藤敬輔
0%
松本浩司
0%
中嶋和正
0%
設楽遙斗
0%
浅井裕介
0%
太田安紀
0%
水巻渉
0%
嶋村俊幸
0%

Score Distribution

Percentile by Number Answered

Percent of People with Each Score

Your Score History

You have not taken this quiz